Carregando...

Unified algebra and trigonometry /

Detalhes bibliográficos
Autor principal: Hall, Dick Wick
Outros Autores: Kattsoff, Louis O.
Idioma:Undetermined
Publicado em: 1962.
Assuntos:
LEADER 00463nam a2200157Ia 4500
001 12914
008 170722s9999 xx 000 0 und d
100 |a Hall, Dick Wick 
245 |a Unified algebra and trigonometry / 
260 |c 1962. 
653 |a Algebra 
653 |a Mathematics 
700 |a Kattsoff, Louis O. 
942 |c GEN 
999 |c 60161  |d 60161 
952 |0 0  |1 0  |4 0  |6 B_2_000000000000000_K21  |7 0  |9 85890  |a LIB  |b LIB  |d 2013-03-25  |o B2 K21  |p 90564  |r 2017-08-12  |w 2017-08-12  |y GEN